<?xml version="1.0" encoding="UTF-8"?>
<record
    xmlns:xsi="http://www.w3.org/2001/XMLSchema-instance"
    xsi:schemaLocation="http://www.loc.gov/MARC21/slim http://www.loc.gov/standards/marcxml/schema/MARC21slim.xsd"
    xmlns="http://www.loc.gov/MARC21/slim">

  <leader>02930nam a2200337 a 4500</leader>
  <controlfield tag="003">OSt</controlfield>
  <controlfield tag="005">20250812135117.0</controlfield>
  <controlfield tag="007">cr ||||||a|a|a</controlfield>
  <controlfield tag="008">250626s2025    mx a|||fom||| 001 0 spa d</controlfield>
  <datafield tag="040" ind1=" " ind2=" ">
    <subfield code="e">rda</subfield>
  </datafield>
  <datafield tag="100" ind1="1" ind2=" ">
    <subfield code="a">Hern&#xE1;ndez Hern&#xE1;ndez, Cudberto</subfield>
    <subfield code="9">190546</subfield>
  </datafield>
  <datafield tag="245" ind1="1" ind2="0">
    <subfield code="a">Caracterizaci&#xF3;n morf&#xF3;logica del chile cascabelillo de la sierra gorda de Quer&#xE9;taro/</subfield>
    <subfield code="c">por Cudberto Hern&#xE1;ndez Hern&#xE1;ndez; director de tesis Natael Maga&#xF1;a Lira; secretario Esa&#xFA; del Carmen Moreno P&#xE9;rez; vocal Mario P&#xE9;rez Grajales; suplente Tranquilino de Jes&#xFA;s Prado; suplente C&#xE9;sar Augusto Barrera Irigoyen</subfield>
  </datafield>
  <datafield tag="264" ind1=" " ind2="1">
    <subfield code="a">Chapingo, M&#xE9;xico :</subfield>
    <subfield code="b">El autor,</subfield>
    <subfield code="c">2024.</subfield>
  </datafield>
  <datafield tag="300" ind1=" " ind2=" ">
    <subfield code="a">1 recurso en l&#xED;nea (34 p&#xE1;ginas):</subfield>
    <subfield code="b">cuadros, figuras.</subfield>
  </datafield>
  <datafield tag="336" ind1=" " ind2=" ">
    <subfield code="2">rdacontent</subfield>
    <subfield code="a">texto</subfield>
    <subfield code="b">txt</subfield>
  </datafield>
  <datafield tag="337" ind1=" " ind2=" ">
    <subfield code="2">rdamedia</subfield>
    <subfield code="a">computadora</subfield>
    <subfield code="b">c</subfield>
  </datafield>
  <datafield tag="338" ind1=" " ind2=" ">
    <subfield code="2">rdacarrier</subfield>
    <subfield code="a">recurso en l&#xED;nea</subfield>
    <subfield code="b">cr</subfield>
  </datafield>
  <datafield tag="502" ind1=" " ind2=" ">
    <subfield code="b">AHP</subfield>
    <subfield code="c">Fitotecnia</subfield>
    <subfield code="d">2024.</subfield>
    <subfield code="g">LIC</subfield>
  </datafield>
  <datafield tag="504" ind1=" " ind2=" ">
    <subfield code="a">Incluye referencias bibliogr&#xE1;ficas: p&#xE1;ginas 25-28.</subfield>
  </datafield>
  <datafield tag="520" ind1=" " ind2=" ">
    <subfield code="a">Desde hace mucho tiempo el chile ha sido un alimento importante en la dieta de los mexicanos, lo que ha posicionado a M&#xE9;xico como uno de los mayores productores a nivel mundial. La gran diversidad que se tiene en el pa&#xED;s (64 tipos de chile) da lugar a chiles poco conocidos y explotados, pero que en su regi&#xF3;n de origen son de gran relevancia, como lo son algunos chiles semidomesticados. Tal es el caso del chile cascabelillo, el cual es un cultivo poco distribuido, pero muy conocido y valorado en la Sierra Gorda de Quer&#xE9;taro. Debido a lo anterior, se estableci&#xF3; un ciclo de cultivo de este tipo de chile en invernadero, con la finalidad de realizar una caracterizaci&#xF3;n morfol&#xF3;gica haciendo uso de la Gu&#xED;a de la UPOV &#x201C;Directrices para la ejecuci&#xF3;n del examen de la distinci&#xF3;n, la homogeneidad y la estabilidad de aj&#xED;, chile y pimiento&#x201D;, y de este modo conocer su diversidad gen&#xE9;tica. Se evaluaron 47 caracter&#xED;sticas morfol&#xF3;gicas, distribuidas en los distintos estados fenol&#xF3;gicos y partes de la planta. Se encontraron y diferenciaron dos variedades dentro de lo que se conoce como chile cascabelillo. Ambas comparten similar tama&#xF1;o del fruto, picor, color y sabor. Sin embargo, se lograron identificar 18 caracter&#xED;sticas que les  permiten diferenciarse entre s&#xED;.</subfield>
  </datafield>
  <datafield tag="650" ind1=" " ind2="4">
    <subfield code="a">Chile (Bot&#xE1;nica)</subfield>
    <subfield code="x">Variedades</subfield>
    <subfield code="z">Quer&#xE9;taro</subfield>
    <subfield code="9">190914</subfield>
  </datafield>
  <datafield tag="650" ind1=" " ind2="4">
    <subfield code="a">Chile (Bot&#xE1;nica)</subfield>
    <subfield code="x">Fisiolog&#xED;a y morfolog&#xED;a</subfield>
    <subfield code="9">22360</subfield>
  </datafield>
  <datafield tag="650" ind1=" " ind2="4">
    <subfield code="a">Chile (Bot&#xE1;nica)</subfield>
    <subfield code="x">Gen&#xE9;tica</subfield>
    <subfield code="9">22361</subfield>
  </datafield>
  <datafield tag="700" ind1="1" ind2=" ">
    <subfield code="a">Maga&#xF1;a Lira, Natanael</subfield>
    <subfield code="e">director de tesis.</subfield>
    <subfield code="9">69794</subfield>
  </datafield>
  <datafield tag="700" ind1="1" ind2=" ">
    <subfield code="a">Moreno P&#xE9;rez, Esau del Carmen</subfield>
    <subfield code="9">78678</subfield>
    <subfield code="e">secretario.</subfield>
  </datafield>
  <datafield tag="700" ind1="1" ind2=" ">
    <subfield code="a">P&#xE9;rez Grajales, Mario</subfield>
    <subfield code="9">89711</subfield>
    <subfield code="e">vocal.</subfield>
  </datafield>
  <datafield tag="700" ind1="1" ind2=" ">
    <subfield code="a">Jes&#xFA;s Prado, Tranquilino de</subfield>
    <subfield code="9">136000</subfield>
    <subfield code="e">suplente.</subfield>
  </datafield>
  <datafield tag="700" ind1="1" ind2=" ">
    <subfield code="a">Barrera Irigoyen, C&#xE9;sar Augusto</subfield>
    <subfield code="e">suplente.</subfield>
    <subfield code="9">135376</subfield>
  </datafield>
  <datafield tag="856" ind1=" " ind2=" ">
    <subfield code="u">http://10.13.5.2/tesis/tl/1911036-5_HERNANDEZ_HERNANDEZ_CUDBERTO.pdf</subfield>
    <subfield code="z">DESCARGAR PDF</subfield>
  </datafield>
  <datafield tag="942" ind1=" " ind2=" ">
    <subfield code="2">Clasificaci&#xF3;n Universidad Aut&#xF3;noma Chapingo</subfield>
    <subfield code="c">TD</subfield>
  </datafield>
  <datafield tag="999" ind1=" " ind2=" ">
    <subfield code="c">220697</subfield>
    <subfield code="d">220697</subfield>
  </datafield>
  <datafield tag="952" ind1=" " ind2=" ">
    <subfield code="0">0</subfield>
    <subfield code="1">0</subfield>
    <subfield code="2">local</subfield>
    <subfield code="4">0</subfield>
    <subfield code="5">1</subfield>
    <subfield code="7">0</subfield>
    <subfield code="8">TesDigL</subfield>
    <subfield code="a">BD</subfield>
    <subfield code="b">BD</subfield>
    <subfield code="c">E_L</subfield>
    <subfield code="d">2025-06-26</subfield>
    <subfield code="l">0</subfield>
    <subfield code="o">Tesis digital</subfield>
    <subfield code="r">2025-06-26 14:59:33</subfield>
    <subfield code="w">2025-06-26</subfield>
    <subfield code="y">TD</subfield>
  </datafield>
</record>
